A Origem das Espécies (Registo nº 1082)

Detalhes MARC
000 -Etiqueta do registo
Cabeçalho 00767nam0a2200289 i 4500
005 - Identificador da versão
Campo de controlo 20240813121825.0
010 ## - Número internacional normalizado dos livros (ISBN)
Número (ISBN) 9789896820008
021 ## - Número do Depósito Legal
Código do país PT
100 ## - Dados gerais de processamento
Dados gerais de processamento 20100316d 2010m y0pory5003 ba
102 ## - Pais de publicação ou produção
País de publicação Portugal
101 1# - Língua de publicação
Língua do texto, banda sonora, etc. Português
Língua do documento no original Inglês
106 ## - Campo de dados codificados: material textual
Dados codificados do material textual r
105 ## - Campo de dados codificados: livros
Dados codificados dos livros y z 001yy
215 ## - Descrição física 
Indicação específica da natureza do documento e extensão da espécie 638 p.
200 1# - Titulo e menção de responsabilidade
Título próprio A Origem das Espécies
Primeira menção de responsabilidade Charles Darwin
Outras menções de responsabilidade trad. Joaquim Dá Mesquita Paul
225 2# - Colecção 
Título próprio da colecção Livros que Mudaram o Mundo
Indicação de volume 1
205 ## - Menção da edição
Menção da edição 1ª ed.
210 ## - Publicação, Distribuição, etc. 
Lugar da edição, distribuição, etc. Oeiras
Nome do editor, distribuidor, etc. Público
Data da publicação, distribuição, etc. 2010
304 ## - Notas relativas a título e menção de responsabilidade 
Texto da nota Tít. orig.:
606 ## - Nome comum usado como assunto
Número de registo de entrada de autoridade 0001453
Palavra de ordem Evolução (Biologia)
Subdivisão de assunto Selecção Natural
675 ## - Classificação Decimal Universal (CDU)
Notação 575.8
Edição BN
Língua da edição por
700 #1 - Nome de autor-pessoa física (responsabilidade principal)
Número de registo de entrada de autoridade 0001455
Palavra de ordem Darwin
Outra parte do nome não tomada para palavra de ordem Charles
942 ## - Elementos de entrada adicionados (Koha)
Tipo de item no Koha Livro
Exemplares
Situação do levantamento Origin of item (home branch) (coded) Biblioteca de empréstimo Código de barras Cota Circulation type (not for loan) Tipo de documento Nota do exemplar Damaged status
  Biblioteca Escolar Eng. Nuno Mergulhão Biblioteca Escolar Eng. Nuno Mergulhão BENM1970 575.8 BIO   Livro Sem mensagem